Normal view
MARC view
Entry Personal Name
001 - CONTROL NUMBER
- control field: 340
003 - CONTROL NUMBER IDENTIFIER
- control field: HDC
005 - DATE AND TIME OF LATEST TRANSACTION
- control field: 20230624073056.0
008 - FIXED-LENGTH DATA ELEMENTS
- fixed length control field: 201217|| aca||aabn | a|a d
040 ## - CATALOGING SOURCE
- Original cataloging agency: HDC
- Transcribing agency: HDC
100 ## - HEADING--PERSONAL NAME
- Personal name: Heslop, Louise A
670 ## - SOURCE DATA FOUND
- Source citation: Work cat.: (HDC): Heslop, Louise A. author, If we label it, will they care? The effect of GM-ingredient labelling on consumer responses /, 2006
